New Institucional Arrangements for the World Economy
Na minha lista:
| Autor principal: | |
|---|---|
| Formato: | Livro |
| Idioma: | inglês |
| Publicado em: |
Berlin
Springer
1989
|
| Edição: | 1. ed. |
| Tags: |
Sem tags, seja o primeiro a adicionar uma tag!
|
MARC
| LEADER | 00000nam a2200000 4500 | ||
|---|---|---|---|
| 001 | c035560 | ||
| 005 | 20250512110323.9 | ||
| 041 | 0 | |a eng | |
| 044 | |a DE | ||
| 245 | 1 | 0 | |a New Institucional Arrangements for the World Economy |c Hans-Jürgen Vosgerau |
| 250 | |a 1. ed. | ||
| 264 | 1 | |a Berlin |b Springer |c 1989 | |
| 300 | |a 482 s. | ||
| 100 | 1 | |a Vosgerau, Hans-Jürgen | |